000 00506nam a2200169Ia 4500
008 090711s9999 xx 000 0 und d
082 _b1844
100 _aकर्णिक हेमन
245 _aबहुरू पी
260 _bश्री समर्थ प्रकाशन
_c1998
300 _a176
600 _aकर्णिक हेमन
630 _aबहुरू पी
700 _aकर्णिक हेमन
730 _aबहुरू पी
942 _cBOOK
999 _c334724
_d334724